Nízky stupeň vzdelania ako jeden z indikátorov chudoby na príklade Nitrianskeho kraja

Nízka vzdelanostná úroveň často indikuje problémy so zamestnaním a neraz aj skúsenosť s nezamestnanosťou. Práve nezamestnaní sú často neschopní si zvyšovať svoje vzdelanie, čím znižujú svoju šancu na trhu práce a často sa zaraďujú do skupiny chudobných. Nízky stupeň vzdelania v obciach Nitrianskeho...

ver descrição completa

Na minha lista:
Detalhes bibliográficos
Autor principal: Veselovský, Ján
Outros Autores: Šolcová, Lucia
Formato: Capítulo de Livro
Idioma:eslovaco
Assuntos:
Tags: Adicionar Tag
Sem tags, seja o primeiro a adicionar uma tag!

MARC

LEADER 00000naa a2200000 4500
001 0146332
005 20230908073252.9
041 0 |a slo 
044 |a SK 
245 1 0 |a Nízky stupeň vzdelania ako jeden z indikátorov chudoby na príklade Nitrianskeho kraja  |c Ján Veselovský, Lucia Šolcová 
520 |a Nízka vzdelanostná úroveň často indikuje problémy so zamestnaním a neraz aj skúsenosť s nezamestnanosťou. Práve nezamestnaní sú často neschopní si zvyšovať svoje vzdelanie, čím znižujú svoju šancu na trhu práce a často sa zaraďujú do skupiny chudobných. Nízky stupeň vzdelania v obciach Nitrianskeho kraja. 
610 2 0 |a vzdelanie 
610 2 0 |a Slovensko 
610 2 0 |a regióny 
610 2 0 |a trh práce 
610 2 0 |a chudoba 
610 2 0 |a kvalita života 
100 1 |a Veselovský, Ján 
700 1 |a Šolcová, Lucia